|
|
|
|
| LEADER |
01032nab a2200241 i 4500 |
| 001 |
misc64547 |
| 005 |
20231010094130.0 |
| 008 |
230626s1991 hu o 0|| hun d |
| 040 |
|
|
|a SZTE Miscellanea Repozitórium
|b hun
|
| 041 |
|
|
|a hun
|
| 100 |
2 |
|
|a Róna-Tas András
|
| 245 |
1 |
0 |
|a Bartha Antal, A magyar nép őstörténete. Budapest, 1986
|h [elektronikus dokumentum] :
|b könyvismertetés /
|c Róna-Tas András
|
| 260 |
|
|
|c 1991
|
| 300 |
|
|
|a 224-230
|c 21 cm
|
| 300 |
|
|
|a [7] p.
|c 21 cm
|
| 490 |
0 |
|
|a Magyar nyelv : a Magyar Nyelvtudományi Társaság folyóirata
|
| 561 |
|
|
|a Németh Gyula hagyaték
|
| 591 |
|
|
|a NOA 5217
|
| 650 |
|
4 |
|a Bölcsészettudományok
|
| 650 |
|
4 |
|a Történettudomány és régészet
|
| 695 |
|
|
|a Őstörténet - magyar - könyvismertetés, Steppei népek története - 6-9. sz. - könyvismertetés, Népvándorlás - magyarok és steppei népek - 6-9. sz. - könyvismertetés
|
| 700 |
0 |
1 |
|a Bartha Antal
|
| 856 |
4 |
0 |
|u http://misc.bibl.u-szeged.hu/64547/1/5217_noa.pdf
|z Dokumentum-elérés
|